00282pam a2200109 a 4500020002000000041000500020082001500025100001900040245006100059260004400120300000800164 a81-203-2970-8c h a174.4bVEL aVELASQUEZ, M G aBUSINESS ETHICS : CONCEPETS AND CASEShTextual Documents aNEW DELHIbPRENTICE HALL OF INDIAc2006 a438